| 000 | 00664nam a2200229Ii 4500 | ||
|---|---|---|---|
| 003 | JO-AjNU | ||
| 008 | 230606s9999||||xx |||||||||||||| ||und|| | ||
| 020 | _a0-415-41819-4/978-0-415-41819-5 | ||
| 040 |
_aJO-AjNU _beng _erda _cJO-AjNU |
||
| 041 | _aeng | ||
| 050 | 1 | 4 | _aB3199.A34.W55.2007 |
| 100 | 3 |
_aWilson,Ross, _eauthor _954 |
|
| 245 | 0 | 4 | _aThe Odor Adorno |
| 250 | _a1 ed | ||
| 264 | 3 | 1 | _aLondon:Routledge taylor&francis Group,2007 |
| 300 | _a141p | ||
| 336 |
_atext _btxt _2rdacontent |
||
| 337 |
_aunmediated _bn _2rdamedia |
||
| 338 |
_avolume _bnc _2rdacarrier |
||
| 490 | 0 | _aRoutledge critical thinkers | |
| 650 | 4 |
_aAdorno, Theodor W., 1903-1969. _955 |
|
| 999 |
_aE31 _c31 _d31 |
||